000 00797nam a2200253 i 4500
003 DO-SdBNP
005 20240501193634.0
007 ta
008 190715s1998 000 spa d
040 _aDO-SdBNP
_bspa
_cBNPHU
_erda
082 _a378.501
_bR696v, 1998
_222
100 _aRodríguez Castillo, Príamo,
_d1943-
_972218
245 0 _aVisión educativa :
_bdiscursos de rectoria tomo III
_cPriamo A. Rodriguez
264 1 _aSanto Domingo ;
_bTaller,
_c1998.
300 _avolumen ;
_c23 cm
336 _2rdacontent
_atexto
_btxt
337 _2rdamedia
_asin mediación
_bn
338 _2rdacarrier
_avolumen
_bnc
590 _aInventariado, 2023/ DG
650 0 _aEducación superior
_9736
650 4 _aDiscursos, ensayos, conferencias, etc.
_984159
910 _aDG
942 _2ddc
_cLBS1
999 _c54858
_d54858